000 00302nam a2200109Ia 4500
008 171211s9999 xx 000 0 und d
245 4 _aThe Economics of Casino Gambling
245 _cDouglas M. Walker
260 _c2007
650 _xGAMBLING
856 _uhttp://down.ebook777.com/040/9783540351023.pdf
999 _c349000
_d349000